000 01550nam a2200277Ia 4500
999 _c34806
_d34806
001 616
003 GE_BSU
005 20211208143152.0
008 181216s||||||||xx |||||||||||||| ||und||
020 _a9789941008382
040 _cGE_BSU
080 _a005.591.6 ი–61
245 _aინოვაციების მენეჯმენტი /
_cევგენი ბარათაშვილი, ვახტანგ დათაშვილი, გურამ ნაკაიძე, რუსუდან ქუთათელაძე ; რედაქტორი : რევაზ გველესიანი, გია მალაშხია.
264 _aთბილისი :
_bევროპული უნივერსიტეტი,
_c2008.
300 _a301 გვ.
653 _aეკონომიკა
653 _aინოვაციების მენეჯმენტი
653 _aმენეჯმენტი
700 _aბარათაშვილი, ევგენი
_eავტორი
_9734
700 _a დათაშვილი, ვახტანგ
_eავტორი
_913217
700 _aნაკაიძე, გურამ
_eავტორი
_913218
700 _a ქუთათელაძე, რუსუდან
_eავტორი
_913219
700 _aგველესიანი, რევაზ
_eრედაქტორი
_93195
700 _a მალაშხია, გია
_eრედაქტორი
_913220
942 _cBK
_2udc